Ese único minuto de amor /
Guardado en:
| Autor principal: | |
|---|---|
| Formato: | Desconocido |
| Lenguaje: | Spanish |
| Materias: | |
| Etiquetas: |
Agregar Etiqueta
Sin Etiquetas, Sea el primero en etiquetar este registro!
|
MARC
| LEADER | 000000000a22000000004500 | ||
|---|---|---|---|
| 001 | 002540 | ||
| 041 | 0 | |a spa | |
| 082 | 0 | 4 | |a CR861.4 |b K96e |
| 100 | 1 | |a Kulser, Heike | |
| 245 | 1 | 0 | |a Ese único minuto de amor / |c Heike Kulser. |
| 650 | 4 | |a LITERATURA COSTARRICENSE | |
| 650 | 4 | |a POESIA | |
| 999 | |c 8933 |d 8933 | ||
| 942 | |c BK |h CR861.4 K96e |2 z | ||
